State aid to lift terror cover (Record no. 69203)

MARC details
000 -LEADER
fixed length control field 00683cam a2200193 4500
001 - CONTROL NUMBER
control field WB3801-36
008 - FIXED-LENGTH DATA ELEMENTS--GENERAL INFORMATION
fixed length control field 020108n2002 000 0 eng u
035 ## - SYSTEM CONTROL NUMBER
System control number (Sirsi) u116176
245 ## - TITLE STATEMENT
Title State aid to lift terror cover
260 ## - PUBLICATION, DISTRIBUTION, ETC.
Date of publication, distribution, etc. 2002
490 ## - SERIES STATEMENT
Series statement Estates Gazette
Volume/sequential designation (0201) 5 January 2002, 14(1)
520 ## - SUMMARY, ETC.
Summary, etc. Government has set up talks with the insurance industry to reinforce cover for landmark buildings to ensure they are better insured against terrorist attacks. The talks' conclusions are expected by 1 March 2002.
590 ## - LOCAL NOTE (RLIN)
Local note WB
650 ## - SUBJECT ADDED ENTRY--TOPICAL TERM
Topical term or geographic name entry element COMMERCIAL BUILDINGS
650 ## - SUBJECT ADDED ENTRY--TOPICAL TERM
Topical term or geographic name entry element INSURANCE COVER
650 ## - SUBJECT ADDED ENTRY--TOPICAL TERM
Topical term or geographic name entry element POOL RE
690 ## - LOCAL SUBJECT ADDED ENTRY--TOPICAL TERM (OCLC, RLIN)
Topical term or geographic name as entry element Insurance
9 (RLIN) 6249
942 ## - ADDED ENTRY ELEMENTS (KOHA)
Suppress in OPAC 0
Holdings
Withdrawn status Lost status Source of classification or shelving scheme Damaged status Not for loan Home library Current library Shelving location Date acquired Total Checkouts Full call number Barcode Date last seen Copy number Price effective from Koha item type
    Dewey Decimal Classification     London London News article 08/01/2002   WB3801-36 116176-1001 06/08/2019 1 06/08/2019 News article